000 00382pam a2200157a 44500
008 230515b2003 xxu||||| |||| 00| 0 eng d
020 _aNULL
041 _aENGLISH
082 _a618.1/BAL
100 _aBALAN, A.H./JACOBS, H.S.
245 _aINFERTILITY IN PRACTICE
250 _a2
260 _aNEW DELHI
_bELSEVIER
_c2003
300 _a989
650 _aINFERTILITY IN PRACTICE
999 _c481628
_d481628